Регионална библиотека "Любен Каравелов" - Русе

Рожден ден в гората (Запис номер 117923)

MARC детайли
000 -Лидер
Контролно поле с фиксирана дължина 02172nam a2200421 c 4500
003 - Код на организацията, давaща контролен номер
Контролно поле BLK
005 - Дата и час на последна редакция
Контролно поле 20241108142337.0
008 - Елементи от данни с фиксирана дължина
fixed length control field 180409b bul|||||r ||||||| ||bul||
010 ## - Наследен системен номер
LC control number KNG00123524000
020 ## - Международен стандартен номер на книга ISBN
Международен стандартен номер на книга ISBN 978-954-431-627-3
-- издат.: Златното пате
040 ## - Източник на каталожния запис
Идентификатор на билиотеката - собственик на записа BLK
041 ## - Код за език
Код за езика на текст/звукозапис или на отделно заглавие Български
Код за езика КДБФ Български
072 #7 - Код за тематичната категория
Код организация bullib
Код за тематична категория Н85
Текст Детска художествена литература Н
080 ## - УДК
Текстов определител УДК Руска литература
УДК код - определител по УДК 821.161.1
УДК определител -93-1
УДК - код + определител 821.161.1-93-1
100 1# - Редна дума - Автор
Автор Степанов, Владимир Александрович
Авторска отговорност първи автор
R(LIN) 374745
139 ## - Редно поле
Редна дума Степанов, Владимир Александрович
Авторски знак Сте - С 75
245 10 - Сведения за заглавието
Заглавие Рожден ден в гората
Подзаглавни данни Подарък за момиченца
Редно поле (дума) Владимир Александрович Степанов; ил. Н. Фаттахова; ил. Игор Приходкин; прев. на стиховете Ангелина Иванова Жекова; прев. на стиховете Миглена Звезденова Златарева.
257 ## - Страна на издаване
Страна на създаване/издаване Русия
260 ## - Област на издателските данни
-- София
Име на издателя, разпространителя и проч. Златното пате
Година на издаване 2010
Печатница София : Образование и наука
300 ## - Физическа характеристика
Страници 62 с.
Илюстрации и др. с цв. ил.
Размери/Мащаб 20 см
380 ## - Жанр
Жанр Детска худож. лит.
490 1# - СЕРИИ (Колекции)
Име на серия Серия Подарък за ...
500 ## - Общи забележки
Забележка Ориг. загл. День рождения Мишутки / В. Степанов. - Авт. установен от доп. източник.
653 ## - Ключова дума – ненормативна
Ключова дума стихотворения за деца
653 ## - Ключова дума – ненормативна
Ключова дума детска литература
653 ## - Ключова дума – ненормативна
Ключова дума литература за деца
659 ## - Тематичен бюлетин
Тематичен бюлетин Н
700 1# - Други автори (авторска отговорност)
Лично име Фаттахова, Н.
Автороска отговорност (Описва отношението между автора и произведението) ил.
9 (RLIN) 133511
700 1# - Други автори (авторска отговорност)
Лично име Приходкин, Игор
Автороска отговорност (Описва отношението между автора и произведението) ил.
9 (RLIN) 113032
700 ## - Други автори (авторска отговорност)
Лично име Жекова, Ангелина Иванова
Дати, свързани с автора 1944-
9 (RLIN) 366328
700 ## - Други автори (авторска отговорност)
Лично име Златарева, Миглена Звезденова
9 (RLIN) 370981
852 ## - Местоположение
Форматна сигнатура Цб 251895
856 4# - Електронен адрес и достъп
Електронен формат pdf - файл
Път до файла /url/
856 4# - Електронен адрес и достъп
Електронен формат pdf - файл
Път до файла /url/
942 ## - АРТИКУЛИ
Вид на библиотечния материал Книги
Скрит в OPAC Не
Koha issues (borrowed), all copies 27
944 ## - СЪЗДАВАНЕ И РЕДАКЦИЯ на ЗАПИСА
Създаване/Редакция Създаване
Дата на регистрацията/редакция 14.06.2011
Статус, дата на статуса Кети Илиева
Служител, извършил регистрацията/редакцията 30550
944 ## - СЪЗДАВАНЕ И РЕДАКЦИЯ на ЗАПИСА
Създаване/Редакция Редакция
Дата на регистрацията/редакция 14.07.2017
Статус, дата на статуса ф /
Служител, извършил регистрацията/редакцията Пенка_Димитрова
999 ## - СИСТЕМНИ КОНТРОЛНИ НОМЕРА
Koha biblionumber 117923
Koha biblioitemnumber 117923
Наличности
Код за отписване Код за изгубен артикул Код за повреда Коз за рестрикции Код за отдаване Артикулен № Име на библиотеката - собственик Име на библиотеката, в която се намира в момента Статус (Текущо местоположение) Дата на вписване в системата Местоположение - отдел Цена в лева Инвентарен номер Систематично азбучна сигнатура Баркод Номер на екземпляра Цена в евро Служебна бележка Служебен тип на артикула Източник на класификационната схема
  Не е изгубен Не е повреден без рестрикции ползва се в читалня 190142 Регионална библиотека "Любен Каравелов" Русе Регионална библиотека "Любен Каравелов" Русе Хранилище 2011-06-02 Хранилище 6.99 120000751067 Цб 251895 120000751067 1 3.57 Дост: Dp Вид: Д N: 1 Дата: 03.01.2011 Книги  
  Не е изгубен Не е повреден без рестрикции заемане за дома 190143 Регионална библиотека "Любен Каравелов" Русе Регионална библиотека "Любен Каравелов" Русе Детски отдел 2017-07-14 Детски отдел 6.99 120000813458 ДХ 820/899/С 75 120000813458 2 3.57 Дост: DA Вид: А N: 30 Дата: 14.07.2017 Книги Universal Decimal Classification
Vip Innovations Ltd, Rousse, Bulgaria 2025